000 00428nam a2200145Ia 4500
008 210210b1968 xxu||||| |||| 00| 0 eng d
082 _a330.904 CLOE
100 _aCLOUGH (Shepard B).
245 _aEuropean economic history: the economic development of Western civilization.
260 _aNY
_bMcGraw hill book co.
_c1968
300 _a623
650 _aIndian economic history
690 _aEconomic History
906 _a031488
999 _c82663
_d82663